|
|
|
|
| LEADER |
00778nab a2200217 i 4500 |
| 001 |
misc65834 |
| 005 |
20230117101552.0 |
| 008 |
220405s1963 hu o 0|| ger d |
| 040 |
|
|
|a SZTE Miscellanea Repozitórium
|b hun
|
| 041 |
|
|
|a ger
|
| 100 |
1 |
|
|a Hajdú Péter
|
| 245 |
1 |
0 |
|a Lativ und Infinitiv im Samojedischen
|h [elektronikus dokumentum] /
|c Hajdú Péter
|
| 260 |
|
|
|a Akadémiai Kiadó
|b Budapest
|c 1963
|
| 300 |
|
|
|a 269-271
|c 24 cm
|
| 490 |
0 |
|
|a Congressus internationalis fenno-ugristarum Budapestini habitus 20-24. IX. 1960
|
| 561 |
|
|
|a Németh Gyula hagyaték
|
| 591 |
|
|
|a NOU 2159
|
| 650 |
|
4 |
|a Bölcsészettudományok
|
| 650 |
|
4 |
|a Nyelvek és irodalom
|
| 695 |
|
|
|a Szamojéd nyelv
|
| 856 |
4 |
0 |
|u http://misc.bibl.u-szeged.hu/65834/1/2159_nou_h12.pdf
|z Dokumentum-elérés
|